000 00611nam a2200193Ia 4500
003 GCL
008 140319s9999 xx 000 0 ara d
020 _a0030279960
040 _aGCL /
_cGCL
082 0 4 _a953.03
_bح ا
100 1 _aحمد الجاسر
245 1 0 _aابن عربى موطد الحكم الاموى فى نجد /
_cحمد الجاسر
250 _aالاولى
260 _aالرياض :
_bحمد الجاسر ،
_c1993
300 _a298 ص ؛
_c24 سم
650 0 4 _aنجد - تاريخ - العصر الاموى
650 0 4 _aالملوك والحكام - نجد
942 _2ddc
_cBK
999 _c7095
_d7095